| 000 | 00926 a2200277 4500 | ||
|---|---|---|---|
| 020 | _a0070057222 | ||
| 020 | _a9780070057227 | ||
| 082 | 0 | 4 | _a658 |
| 090 |
_c116 _d116 |
||
| 100 | 1 | _aBartol, Katheryn M.; Martin, David Clarke. | |
| 245 | 1 | 0 |
_aManagement / _cKatheryn M.; Martin, David Clarke Bartol. |
| 250 | _a3Rev Ed ed. | ||
| 260 |
_a[S.l.] : _bRichard d Irwin, _c1997. |
||
| 300 |
_a900 p. ; _c28 cm. |
||
| 500 | _aImport. | ||
| 500 | _aHardcover. | ||
| 650 | 4 | _aManagement & management techniques. | |
| 650 | 4 | _aBusiness & Economics. | |
| 650 | 4 | _aBusiness/Economics. | |
| 650 | 4 | _aManagement. | |
| 650 | 4 | _aManagement - General. | |
| 650 | 4 | _aManagement and Business Administration. | |
| 856 | 4 | 0 |
_3Amazon.com _uhttp://www.amazon.com/exec/obidos/ASIN/0070057222/chopaconline-20 |
| 856 | 4 | 0 |
_3Amazon customer reviews _uhttp://www.chopac.org/cgi-bin/tools/azrev.pl?q=0070057222 |
| 942 |
_aNBS _cBK _k658 BAR |
||
| 999 |
_c342696 _d342696 |
||